Confini comune di Varese - Statistics

Statistiche generali
  • Questo quiz è stato fatto 23 volte
    19 dall'ultimo reset
  • Il punteggio medio è 7 su 13
Statistiche sulle risposte
Risposta % Corretto
Induno Olona
79%
Casciago
64%
Gavirate
64%
Gazzada Schianno
64%
Lozza
64%
Luvinate
64%
Malnate
64%
Arcisate
57%
Buguggiate
50%
Brinzio
43%
Cantello
43%
Castello Cabiaglio
29%
Lago di Varese
14%
Nessun quiz corrispondente trovato
Distribuzione punteggi
Percentuale di utenti per punteggio
Percentile per numero di risposta
I tuoi punteggi nel tempo
Non hai fatto questo quiz dall'ultimo reset